Budaya membaca di Malaysia : Satu tinjauan terkini

Bibliographic Details
Format: Book
Published: Petaling Jaya, Selangor : The Biblio Press Enterprise 2023
Subjects:

MARC

LEADER 00000cam a2200000 7i4500
001 0000093548
005 20240104144100.0
008 240104 may
020 |a 9789670040349 (  |q (paperback)) 
040 |e rda 
041 |a Malay 
090 0 0 |a 371.8975   |b BUD 
245 1 0 |a Budaya membaca di Malaysia :   |b Satu tinjauan terkini 
264 1 |a Petaling Jaya, Selangor :   |b The Biblio Press Enterprise   |c 2023 
300 |a 314 pages :   |b color illustrations ;   |c 20 cm. 
336 |a text  |2 rdacontent 
337 |a unmediated  |2 rdamedia 
338 |a volume  |2 rdacarrier 
541 |c Purchased on 2023   |f 5630 FCC   |h RM40.00 
650 0 |a Books & reading   |x Research 
730 0 |a Title 
999 |a 0001751893   |b Book   |c Adult Collection   |e Perbadanan Perpustakaan Awam Johor 
999 |a 0001751894   |b Book   |c Adult Collection   |e Cawangan AEON Kulaijaya 
999 |a 0001751895   |b Book   |c Adult Collection   |e Cawangan Urban Transformation Centre 
999 |a 0001751896   |b Book   |c Adult Collection   |e Cawangan Tmn. Ungku Tun Aminah 
999 |a 0001751897   |b Book   |c Adult Collection   |e Cawangan Tangkak 
999 |a 0001751898   |b Book   |c Adult Collection   |e Cawangan Kota Tinggi 
999 |a 0001751899   |b Book   |c Adult Collection   |e Cawangan Bandar Tenggara 
999 |a 0001751900   |b Book   |c Adult Collection   |e Cawangan Bandar Penawar 
999 |a 0001751901   |b Book   |c Adult Collection   |e Cawangan Pontian 
999 |a 0001751902   |b Book   |c Adult Collection   |e Cawangan Taman Sri Lambak 
999 |a 0001751903   |b Book   |c Adult Collection   |e Cawangan Mersing 
999 |a 0001751904   |b Book   |c Adult Collection   |e Perbadanan Perpustakaan Awam Johor 
999 |a 0001751905   |b Book   |c Adult Collection   |e Cawangan Muar 
999 |a 0001751906   |b Book   |c Adult Collection   |e Cawangan Batu Pahat 
999 |a 0001751907   |b Book   |c Adult Collection   |e Cawangan Bukit Gambir 
999 |a 0001751908   |b Book   |c Adult Collection   |e Cawangan Segamat